[Event "AUT-ch Open 2020"]
[Site "Graz"]
[Date "2020.02.18"]
[Round "6.29"]
[White "Valeanu, Eduard-Andrei"]
[Black "Lim, Zhuo Ren"]
[Result "0-1"]
[WhiteElo "2427"]
[BlackElo "2296"]
[Annotator "TA"]
[PlyCount "136"]
[EventDate "2020.02.14"]
[EventType "swiss"]
[EventCountry "AUT"]
[SourceTitle "playchess.com"]
[Source "ChessBase"]
[SourceQuality "1"]

{[%evp 9,136,0,16,0,2,-5,-3,-20,5,-13,48,28,1,-7,33,26,67,68,77,85,182,175,169,156,175,147,145,51,68,7,30,33,27,32,66,66,69,67,64,-63,-64,-83,-79,-107,-88,-93,-62,-64,-53,-91,-82,-84,-98,-79,-72,-103,-97,-107,-105,-123,-110,-161,-157,-118,-100,-192,-196,-206,-197,-218,-231,-285,-284,-377,-372,-364,-338,-337,-289,-338,-268,-320,-177,-162,-110,-460,-437,-754,-693,-785,-742,-1259,-1183,-757,-764,-3431,-3293,-2172,-1965,-2531,-2389,-4540,-3565,-4652,-4611,-4540,-4540,-2536,-2304,-5093,-5093,-5093,-5093,-29977,-29978,-29977,-29978,-29978,-29978,-29977,-29978,-29981,-29980,-29982,-29981,-29982,-29983,-29983,-29983]} 1. e4 c5 2. Nc3 d6 3. d4 cxd4 4. Qxd4 Nc6 5. Qd2 g6 6. b3 {B23: Closed Sicilian: Lines without g3.} Bh6 7. f4 Nf6 8. Bb2 {The position is equal.} O-O 9. O-O-O {[#]} a6 $146 ({Black should try} 9... a5 $11) ({Predecessor:} 9... a5 10. a4 Nb4 11. Kb1 d5 12. e5 Nh5 13. Nge2 Bf5 14. Nd4 Bg4 15. Be2 Bxf4 {1-0 (33) Dubov,D (2691)-Firouzja,A (2561) Abu Dhabi 2018}) 10. Kb1 b5 11. Bd3 Bg4 12. Nge2 Nb4 13. h3 Bd7 14. g4 Bg7 (14... Nxd3 $16 15. Qxd3 b4) 15. e5 $18 Ne8 16. Be4 Rc8 17. a3 Nc6 18. Nd5 (18. Bf3 $16) 18... dxe5 $14 19. f5 (19. fxe5 $14 Bxe5 20. Bxe5 Nxe5 21. Qd4) 19... Nd6 20. Nxe7+ {[%mdl 64] Remove Defender} Qxe7 21. Qxd6 Qxd6 22. Rxd6 Rfd8 $1 23. Rhd1 {Hoping for Bxc6.} Be8 24. f6 (24. Nc3 $14) 24... Bxf6 $1 $15 25. Rxd8 Rxd8 26. Rxd8 Nxd8 27. Nf4 Nc6 28. Nd3 a5 29. Bxc6 Bxc6 30. Bxe5 {[%mdl 4096] Endgame KBB-KBN} Be7 31. Kb2 f6 32. Bc7 a4 33. b4 Kf7 34. Kc3 g5 $1 35. Kd4 (35. Ne1 $17) 35... Bg2 $19 36. Nf2 Bf1 37. c3 (37. Kd5 $17) 37... Ke6 38. Ke4 Bf8 39. Kf3 f5 40. Bd8 h6 41. h4 fxg4+ 42. Nxg4 h5 $1 {[%cal Rh5g4]} 43. Ne3 g4+ 44. Ke4 Be2 45. Nf5 {[#] intending Nd4+.} Bf3+ (45... Bd3+ $142 $1 {[%mdl 512]} 46. Kxd3 Kxf5) 46. Kf4 Bd6+ ({Better is} 46... Kd5 $19 {And now ...Kc4 would win.} 47. Ne3+ Ke6) 47. Kg5 $2 {[%mdl 8192]} (47. Nxd6 $17 Kxd6 48. c4) 47... Be5 48. Bb6 (48. Nd4+ $142 Kd5 49. Bb6) 48... Bf6+ 49. Kf4 {If White can now play Bd4 this consolidates a bit.} Bxc3 50. Bd4 Bd2+ 51. Be3 Bxe3+ 52. Nxe3 {KB-KN} Bc6 53. Nf5 Kd5 54. Ng7 Kc4 55. Nxh5 Be8 56. Nf6 {[#]} g3 $1 {[%mdl 512]} 57. Kxg3 {[#]} Bg6 $1 58. Kf4 {[#]} Kb3 $1 {[%cal Rb3a3]} 59. h5 {[#]} Bxh5 $1 {[%mdl 512]} 60. Nxh5 Kxa3 {KN-KPP} 61. Ke3 Kb2 {Black mates.} 62. Nf4 a3 63. Nd3+ Kb1 64. Kd4 a2 65. Kc5 Kc2 66. Ne1+ Kb3 67. Nf3 a1=Q 68. Nd4+ Ka4 {Accuracy: White = 47%, Black = 77%.} 0-1

[Event "AUT-ch Open 2020"]
[Site "Graz"]
[Date "2020.02.18"]
[Round "6.30"]
[White "Stukan, Martin"]
[Black "Nomin-Erdene, Davaademberel"]
[Result "1-0"]
[WhiteElo "2292"]
[BlackElo "2417"]
[Annotator "TA"]
[PlyCount "99"]
[EventDate "2020.02.14"]
[EventType "swiss"]
[EventCountry "AUT"]
[SourceTitle "playchess.com"]
[Source "ChessBase"]
[SourceQuality "1"]

{[%evp 9,99,22,83,37,54,61,105,69,102,60,57,57,62,56,60,60,58,43,62,51,52,49,60,31,34,21,26,36,27,16,26,5,31,2,32,4,3,0,75,78,229,258,257,258,257,259,273,263,247,262,283,250,280,294,276,269,322,232,315,305,327,348,360,304,306,287,442,438,383,358,445,461,634,522,871,867,855,832,1112,566,1399,1389,29990,29991,29994,29995,29996,1085,29997,29998,29998,29999]} 1. e4 c6 2. Nf3 d5 3. d3 Qc7 4. Nc3 {[#]} e6 $146 ({Predecessor:} 4... dxe4 5. Nxe4 Nf6 6. Qe2 Bf5 7. Nxf6+ gxf6 8. Bd2 Nd7 9. g3 e6 10. Bg2 O-O-O 11. O-O-O {1-0 (59) Xu,X (2582)-Melkumyan,H (2668) Moscow 2019}) 5. g3 b6 (5... Nf6 $11) 6. Bg2 {B10: Caro-Kann: 2 d3 and 2 c4.} Bb7 7. O-O Nd7 8. d4 {White is better.} a6 9. Bf4 Bd6 10. e5 Bf8 11. Ne2 c5 12. c3 Ne7 13. Bc1 g6 14. Nf4 Bg7 15. h4 h6 16. Nh3 a5 17. Bf4 Ba6 18. Re1 Rc8 19. Rc1 Qa7 20. a4 Nc6 21. Qd2 Bf8 22. Qe3 cxd4 23. cxd4 Bb4 (23... b5 $11) 24. Red1 $16 ({Much weaker is} 24. Bxh6 $6 Bxe1 25. Rxe1 Nb4 $11) 24... Ne7 $2 (24... Bf8 $16) 25. Rxc8+ $18 ({Inferior is} 25. Bxh6 Rxc1 26. Qxc1 Be2 $14) 25... Bxc8 26. Bxh6 Nf5 27. Qc1 Ba6 28. Bd2 Be7 29. Bg5 Bxg5 30. Qxg5 ({But not} 30. Nfxg5 $6 Nb8 $18) 30... Be2 31. Rc1 {[%cal Rc1c8]} Qb8 {Black wants to play ...Bxf3.} 32. Qd2 Bc4 33. Bf1 Bxf1 34. Rxf1 Qd8 35. Rc1 Nb8 36. Nf4 Na6 37. Nh2 Nb4 (37... Nb8 $142 38. Qc3 Nd7) 38. Ng4 Qb8 39. Nf6+ Ke7 40. Qc3 Rd8 41. Nh3 Na6 42. Ng5 Qb7 43. g4 Nxh4 44. Qc6 Qa7 45. Kh2 Kf8 {[#]} 46. Qd6+ $3 {[%mdl 512]} Rxd6 {[#]} 47. Rc8+ $1 Kg7 48. Rg8+ Kh6 49. f4 Qc7 {[#]} 50. Nxf7+ $1 {[%mdl 576] Clearance. Accuracy: White = 75%, Black = 48%.} 1-0

[Event "AUT-ch Open 2020"]
[Site "Graz"]
[Date "2020.02.18"]
[Round "6.31"]
[White "Drnovsek, Gal"]
[Black "Matt, Fabian"]
[Result "1-0"]
[WhiteElo "2290"]
[BlackElo "2290"]
[Annotator "TA"]
[PlyCount "109"]
[EventDate "2020.02.14"]
[EventType "swiss"]
[EventCountry "AUT"]
[SourceTitle "playchess.com"]
[Source "ChessBase"]
[SourceQuality "1"]

{[%evp 14,111,39,38,51,48,53,63,56,31,52,32,37,40,47,50,86,56,58,32,37,29,41,25,39,59,75,45,93,113,131,114,141,70,79,0,52,43,34,50,114,108,87,120,208,110,110,130,113,104,137,145,120,74,67,38,169,180,734,710,616,566,567,125,121,97,131,93,84,87,135,16,46,56,114,118,219,207,229,170,275,270,253,247,255,287,276,273,259,283,455,440,437,434,431,416,505,538,891,870]} 1. d4 d5 2. c4 c6 3. Nf3 Nf6 4. Nc3 e6 5. Bg5 Nbd7 6. e3 Bd6 7. Bd3 O-O 8. O-O dxc4 {D52: Queen's Gambit Declined: Cambridge Springs Variation.} 9. Bxc4 c5 10. dxc5 Bxc5 {White is slightly better.} 11. Qe2 a6 12. a4 h6 13. Bh4 Be7 14. Rfd1 {[#]} b6 $146 ({Predecessor:} 14... Nh5 15. Bxe7 Qxe7 16. Rd2 Nb6 17. Rad1 Qc5 18. Ba2 Nf6 19. e4 e5 20. Qe3 Qxe3 21. fxe3 {1-0 (55) Botvinnik,M-Sorokin,N Moscow 1931}) 15. Ne5 (15. e4 {looks sharper.} Bb7 16. Nd4 Kh8 17. e5 Ne8 18. Bg3) 15... Qe8 16. Nxd7 (16. Nc6 {with more complications.} Bb7 17. Nxe7+ Qxe7 18. Bg3 Qc5 19. Bd6) 16... Nxd7 17. Bg3 Bb7 18. e4 Nf6 19. Rac1 Bb4 20. Bd6 Bxc3 21. Bxf8 ({And not} 21. Rxc3 Nxe4 22. Rcc1 Nxd6 $17) 21... Kxf8 22. bxc3 Nxe4 23. f3 (23. Qb2 $16) 23... Nc5 $14 24. a5 (24. Qe5 $16) 24... b5 (24... bxa5 $11 25. Qe5 Qe7) 25. Qe5 Rc8 26. Ba2 $36 {[%mdl 2048] White is more active.} Kg8 (26... Qe7 $14) 27. Rd6 Qe7 28. Rcd1 Qh4 {[#]} (28... Kf8 $16 {was worth a try.}) 29. R6d4 (29. c4 $1 $18 {[%mdl 512]}) 29... Qe7 $16 30. Rg4 {[%csl Gg4][%cal Re5g7]} Qf8 31. Rdd4 Kh8 32. Rh4 $1 {[%cal Rh4h6] Black must now prevent Rxh6+.} f6 33. Qe3 e5 34. Rd2 Na4 ({Better is} 34... Rc7 $14) 35. Rd7 $1 $18 {[%cal Rd7g7]} Rxc3 $2 {[#]} (35... Qc5 36. Qxc5 Nxc5) 36. Rd8 $1 {[%mdl 512] Intending Rxh6+! and mate.} Rxe3 (36... Qxd8 37. Rxh6+) 37. Rxf8+ Kh7 {and the idea ...g5 leaves Black hopeful.} 38. Rf7 $2 (38. Bg8+ $18 Kh8 39. Be6+ Kh7 40. Bf5+ g6 41. Rf7+ Kg8 42. Bxg6) 38... Bc8 $16 39. Kf2 $1 {[%cal Rf2e3][%mdl 1024] White has strong compensation.} Rc3 {And now ...Rc2+ would win.} 40. Bb1+ $1 Kg8 41. Ra7 $1 Nc5 42. Ke2 (42. Ra8 $16 Kf7 43. Rxc8 Nd3+ {[%mdl 64] Discovered Attack} 44. Bxd3 Rxc8 45. f4) 42... Bb7 43. Rb4 Ra3 {[#]} ({Black should try} 43... Bd5 $1 $14) 44. Rb2 $1 {[%cal Rb2c2] Threatens to win with Rc2.} e4 (44... Bd5 $16) 45. fxe4 $18 Rxa5 46. Rc2 Bxe4 (46... b4 $142) 47. Rxc5 {[%mdl 64] Discovered Attack} Bxb1 {[%mdl 4096] Endgame [#] KRR-KRB} 48. Rcc7 $1 {[%cal Rc7g7]} Ra2+ 49. Kf3 Ra3+ 50. Kf2 Ra2+ 51. Kg1 Re2 $2 (51... Be4 {keeps fighting.}) 52. Rxg7+ Kf8 53. Rgf7+ Kg8 54. Rxf6 Be4 {[#]} 55. g3 {Played: Rf6-e6} 1-0

[Event "AUT-ch Open 2020"]
[Site "Graz"]
[Date "2020.02.18"]
[Round "6.32"]
[White "Welling, Gerard"]
[Black "Tomazini, Zan"]
[Result "0-1"]
[WhiteElo "2386"]
[BlackElo "2286"]
[Annotator "TA"]
[PlyCount "116"]
[EventDate "2020.02.14"]
[EventType "swiss"]
[EventCountry "AUT"]
[SourceTitle "playchess.com"]
[Source "ChessBase"]
[SourceQuality "1"]

{[%evp 13,116,10,14,-22,-10,-25,-3,0,-23,-50,-7,-27,37,-13,19,0,0,0,0,0,8,6,12,-50,-14,-35,-39,-42,-29,-37,-31,-24,18,-28,-34,-47,-52,-60,-59,-67,-30,-35,-38,-177,-170,-154,-159,-190,0,-42,-42,-42,-47,-170,-160,-152,-156,-399,-395,-377,-367,-367,-367,-341,-161,-112,-30,-50,0,-276,-269,-269,-269,-269,-269,-269,-276,-274,-269,-817,-820,-778,-785,-711,-645,-1093,-1093,-966,-959,-949,-846,-1137,-1002,-1462,-1413,-1006,-1000,-1458,-1232,-1567,-1227,-29988,-29985,-29989,-29990]} 1. g3 g6 2. Bg2 Bg7 3. c4 e5 4. Nc3 d6 5. e4 Nc6 6. Nge2 f5 7. d3 Nf6 8. exf5 {A26: English Opening vs King's Indian with ...Nc6 and d3.} Bxf5 9. h3 Qd7 10. g4 {The position is equal.} Be6 11. Ng3 Rb8 12. Be3 a6 {[#]} (12... O-O $11) 13. Nge4 $146 ({Predecessor:} 13. b3 b5 14. Nce4 Nxe4 15. Nxe4 Nd8 16. Rc1 bxc4 17. dxc4 Nf7 18. Qd2 O-O 19. O-O {1-0 (47) Kosten,A (2510)-Moutousis,K (2425) Velden 1994}) 13... Nd4 14. Nxf6+ Bxf6 15. Ne4 O-O 16. O-O b5 17. b3 c5 18. Nc3 (18. f4 $11) 18... Bg7 19. Bxd4 cxd4 20. Nd5 Bh6 21. Qe1 Kh8 22. Qa5 Bf4 23. Qc7 h5 24. Qxd7 Bxd7 25. Bf3 Bg5 26. Kg2 bxc4 27. bxc4 Rb2 $36 {[%mdl 2048] Black has some pressure.} 28. gxh5 (28. Rab1 $15 Rfb8 29. Rxb2 Rxb2 30. Be4) 28... gxh5 $19 29. Be4 Bh4 30. Rab1 Rg8+ $2 (30... Rxa2 31. Rb6 $15) ({Black should play} 30... Rbxf2+ $19 31. Rxf2 Rxf2+ 32. Kg1 Bxh3) 31. Kh2 (31. Kh1 $5 {[%cal Rb1b2]} Rgb8 32. Rxb2 Rxb2 33. Rg1 $11) 31... Rgb8 ({Avoid the trap} 31... Rxf2+ $2 32. Rxf2 Bxf2 33. Rb7 $18) 32. Rxb2 Rxb2 33. Kg2 ({Better is} 33. Rg1 $1 $15) 33... a5 ({Resist} 33... Rxa2 34. Nb4 $17) 34. a3 Kg7 35. Rg1 $2 (35. Nc7 $17) 35... Bxf2 36. Rf1 Bh4+ 37. Kh1 Bxh3 38. Rg1+ Kf8 (38... Bg4 $142 39. a4 Rd2) 39. Rg6 Ra2 (39... Ke8 $17 {aiming for ...Ra2.} 40. Rh6 Bg3 41. Rh8+ Kf7 42. Rh7+ Kf8 43. Rh8+ Kg7 44. Rh7+ Kg8 45. Nf6+ Kf8 46. Nd7+ Kg8 47. Nf6+ Kf8 48. Nd7+ Kg8 49. Nf6+) 40. Rh6 $11 {Hoping for Rh8+.} Bg3 {[%cal Ra2a1]} 41. Rh8+ $2 {[%mdl 8192]} (41. Rf6+ $1 $11 Ke8 42. Bg6+ {[%mdl 64] Double Attack} Kd7 43. Rf7+ Kc8 44. Ne7+ Kd8 45. Nc6+ {[%mdl 64] Double Attack} Kc8 46. Ne7+ Kd8 47. Nc6+ {[%mdl 64] Double Attack} Kc8 48. Ne7+) 41... Kf7 $19 {[%cal Ra2a1]} 42. Rh7+ Kg8 {[%cal Ra2a1]} 43. Nf6+ Kf8 {[%cal Ra2a1]} 44. Nd7+ Bxd7 $1 45. Rxd7 {[%mdl 4096] Endgame [#] KRB-KRB} h4 $1 {[%cal Rh4h3] Threatens to win with ...h3.} ({But not} 45... Rxa3 46. Kg2 $17) 46. Rxd6 $2 {[#]} (46. Rh7) 46... h3 $1 {[%cal Ra2a1]} 47. Rf6+ {[#]} Ke7 $1 {( -> ...Ra1+)} 48. Rf1 Rxa3 49. Bf5 h2 50. Kg2 Bf4 51. Rb1 Ra2+ 52. Kh3 {[#]} Rb2 $1 {[%mdl 512]} 53. Ra1 {[#]} (53. Rxb2 h1=Q+) 53... a4 $1 54. Be4 (54. Rxa4 h1=Q+) 54... Re2 55. Bd5 Re3+ {[%mdl 64] Double Attack} 56. Kg4 Rg3+ 57. Kf5 Rg5+ 58. Ke4 Rg1 {Accuracy: White = 47%, Black = 68%.} 0-1

[Event "AUT-ch Open 2020"]
[Site "Graz"]
[Date "2020.02.18"]
[Round "6.33"]
[White "Kozak, Antoni"]
[Black "Frank, Emanuel"]
[Result "1/2-1/2"]
[WhiteElo "2286"]
[BlackElo "2372"]
[Annotator "TA"]
[PlyCount "157"]
[EventDate "2020.02.14"]
[EventType "swiss"]
[EventCountry "AUT"]
[SourceTitle "playchess.com"]
[Source "ChessBase"]
[SourceQuality "1"]

{[%evp 14,157,17,16,17,20,13,8,20,20,22,14,18,12,22,16,17,15,18,12,13,13,28,7,15,18,19,6,14,7,29,36,96,48,151,99,121,91,93,102,81,86,108,95,95,91,97,85,99,85,87,92,91,74,91,84,108,104,104,104,104,101,101,101,101,101,101,101,101,101,101,101,101,101,101,101,101,101,101,101,101,72,72,72,72,72,72,72,72,63,63,63,188,188,188,188,188,188,188,188,188,188,200,188,188,188,188,143,172,143,143,143,143,133,135,111,245,227,543,543,543,529,526,507,991,992,992,944,849,806,1895,1881,1647,1656,1602,1250,1537,1618,886,0,479,0,2352,0,0,0]} 1. c4 e6 2. g3 d5 3. Bg2 Nf6 4. Nf3 dxc4 5. Qa4+ c6 6. Qxc4 b5 7. Qc2 Bb7 8. O-O Nbd7 {A13: English Opening: 1...e6.} 9. a4 Be7 10. Nc3 b4 {[#]} 11. Nb1 $146 {[%cal Bc3b1,Bb1d2,Bd2c4][%mdl 32]} ({Predecessor:} 11. Nd1 c5 12. b3 Rc8 13. Bb2 O-O 14. Ne3 Nd5 15. Nc4 Nb8 16. Rac1 Nc6 17. Rfd1 {½-½ (31) Medvegy,Z (2510)-Krassowizkij,J (2402) Austria 2015}) 11... a5 12. d3 c5 13. Nbd2 O-O 14. Nc4 Nb6 15. Nfe5 Bxg2 16. Kxg2 Nxc4 17. Nxc4 Nd5 18. Bd2 Qc7 19. Rac1 Rfc8 20. Qb3 Ra6 21. Rc2 Kf8 (21... Qc6 {is more complex.}) 22. Rfc1 Ke8 ({Black should try} 22... Qb7 $14 23. e4 Nb6) 23. f3 (23. d4 {seems wilder.} Nb6 24. f3 Nxc4 25. Rxc4 Qb7 26. dxc5 Rac6 27. Be3) 23... g5 {[#]} (23... Rd8 $14) 24. Be1 (24. d4 $142 $1 {[%mdl 512]}) 24... Nb6 25. Nxb6 Rxb6 26. Bf2 Rc6 27. Rc4 Qd7 28. Qc2 e5 29. g4 h6 30. Re4 Qd5 31. b3 Kd7 32. Bg3 f6 33. Rc4 R8c7 34. Rh1 Kc8 35. h4 Kb7 36. hxg5 hxg5 37. Re4 (37. Qd2 {with more complications.} Bd6 38. Qe3 Qf7 39. Qe4 Kb6 40. Rh8) 37... Qg8 38. Qc4 Qxc4 39. Rxc4 Rc8 40. Rcc1 Rd8 41. Bf2 Rc7 42. Rh7 Rdc8 43. Rch1 Bd6 44. R7h6 Rf7 45. R1h5 Kc6 46. Be3 Rg8 47. Bd2 Bf8 48. Rh8 Rxh8 49. Rxh8 $16 {[%mdl 4096] Endgame KRB-KRB} Kd5 50. Kf2 Bd6 51. Ra8 Rh7 52. Kg2 Rb7 ({Better is} 52... Kd4 $14) 53. Ra6 $18 Rb8 54. Be3 Rb7 55. Bf2 Rc7 56. Rxa5 Kc6 57. Ra8 Kd7 58. Rh8 Kc6 59. Rh1 Kd5 60. Ra1 Ra7 61. Rc1 Rh7 62. Rc4 Rc7 63. e3 Rh7 64. Bg3 Re7 {[#]} (64... Rd7 $16 65. Bf2 Rd8) 65. d4 $1 {[%mdl 512]} exd4 $2 (65... cxd4 {is more resistant.} 66. exd4 Ra7) 66. Bxd6 {[%mdl 64] Overworked Piece} Kxd6 67. exd4 {KR-KR} Re2+ 68. Kg3 Rb2 (68... Kc6 $142 69. Rxc5+ Kd6) 69. dxc5+ Kc6 70. Rxb4 Kxc5 71. Rb8 Kd4 72. a5 Ra2 73. b4 Ke3 74. Rb6 Ke2 75. Rxf6 Kf1 76. Rf5 $2 ({White should play} 76. f4 $18 Ra3+ 77. Kh2 Ra2+ 78. Kh3 Ra3+ 79. Kh2 Ra2+ 80. Kh1) 76... Rg2+ $1 $11 77. Kh3 Rg1 $2 {[%mdl 8192]} (77... Kf2 $11) 78. Rxg5 $2 (78. f4 $18 gxf4 79. Rxf4+ Ke2 80. Rf5) 78... Kf2 {[%cal Rg1h1]} 79. Kh2 {Accuracy: White = 88%, Black = 74%.} 1/2-1/2

[Event "AUT-ch Open 2020"]
[Site "Graz"]
[Date "2020.02.18"]
[Round "6.34"]
[White "Banzea, Alexandru-Bogdan"]
[Black "Krasteva, Beloslava"]
[Result "1-0"]
[WhiteElo "2368"]
[BlackElo "2259"]
[Annotator "TA"]
[PlyCount "73"]
[EventDate "2020.02.14"]
[EventType "swiss"]
[EventCountry "AUT"]
[SourceTitle "playchess.com"]
[Source "ChessBase"]
[SourceQuality "1"]

{[%evp 12,73,27,20,36,45,39,35,34,46,33,29,50,25,37,17,30,18,23,23,35,62,56,18,36,-17,25,42,70,17,20,37,29,9,39,19,47,0,45,55,242,243,418,390,549,265,254,267,397,381,317,-14,-37,-81,195,155,29982,29983,29990,29991,29991,29992,29992,29991]} 1. e4 c5 2. Nf3 d6 3. d4 cxd4 4. Nxd4 Nf6 5. Nc3 a6 6. h3 e6 7. g4 Be7 {B81: Sicilian Scheveningen: Keres Attack.} 8. g5 Nfd7 9. Be3 b5 {White is slightly better.} 10. a3 Bb7 11. h4 Nc6 12. Qd2 Rc8 13. Nxc6 Rxc6 {13...Bxc6 injects fresh life into this line.} 14. O-O-O Ne5 15. f4 Nc4 $1 {[%cal Rc4d2]} 16. Bxc4 Rxc4 {[#]} 17. Rhe1 $146 ({Predecessor:} 17. Bd4 O-O 18. Rhe1 f6 19. Qe3 fxg5 20. Bb6 Qe8 21. hxg5 Qg6 22. b3 Rcc8 23. Kb2 {½-½ (59) Pivinsky,E (2499)-Jensen,E (2460) ICCF email 2015}) 17... O-O 18. b3 ({Better is} 18. f5 $14) 18... Rc8 19. Kb2 a5 20. Bd4 (20. f5 $1 $14) 20... b4 $11 21. axb4 axb4 22. Na4 Bc6 23. Nb6 Rb8 24. Nc4 d5 (24... Bxe4 $5 25. Rxe4 d5 $11 {[%mdl 64] Double Attack}) 25. Ne5 $36 {[%mdl 2048] White has good play.} Qc8 $2 ({Black should play} 25... Qc7 $1 $14) 26. f5 $1 $18 {[%cal Rf5f6]} Rd8 $2 {[#]} (26... exf5 {was worth a try.} 27. exf5 Bd6) 27. f6 $1 {[%mdl 512]} Bf8 (27... Bd6 {is a better defense.} 28. fxg7 Bxe5 29. Bxe5 Ra8) (27... gxf6 28. gxf6) 28. Qf2 (28. h5 $142) 28... Be8 29. Ng4 g6 {[#]} (29... dxe4 $142 30. fxg7 (30. Rxe4 g6 $11) 30... Bxg7 31. Nf6+ Kh8) 30. h5 $1 {[%cal Rh5g6]} gxh5 31. Ne5 $2 (31. Rh1 $18 dxe4 32. Rxh5) 31... dxe4 {...Rb5 is the strong threat.} 32. Rh1 Rxd4 $4 {[%mdl 8192]} (32... Ra8 $17 {And now ...e3! would win.} 33. Nc4 {[#]} e5 $1 {[%mdl 512]} 34. Bxe5 Rxd1 35. Rxd1 Bb5) 33. Qxd4 Bc5 $2 (33... Ra8 $16) 34. Qxe4 {White mates.} Bf8 35. Rxh5 {[%csl Gh5][%cal Re4h7]} Qc3+ 36. Kb1 {[%csl Gh5][%cal Re4h7]} h6 37. gxh6 {Accuracy: White = 60%, Black = 38%.} 1-0

[Event "AUT-ch Open 2020"]
[Site "Graz"]
[Date "2020.02.18"]
[Round "6.35"]
[White "Caglar, Sila"]
[Black "Huber, Martin Christian"]
[Result "1-0"]
[WhiteElo "2268"]
[BlackElo "2268"]
[Annotator "TA"]
[PlyCount "109"]
[EventDate "2020.02.14"]
[EventType "swiss"]
[EventCountry "AUT"]
[SourceTitle "playchess.com"]
[Source "ChessBase"]
[SourceQuality "1"]

{[%evp 16,109,16,0,33,-15,0,0,23,23,49,39,27,0,0,0,0,-7,-19,-56,-27,-98,-83,-147,-138,-141,-102,-106,-115,-119,-119,-99,14,12,22,-237,-183,-207,-211,-351,-350,-318,-347,-333,-228,-272,-273,-245,-139,-214,-95,-125,-121,-87,-68,-59,0,0,0,0,0,0,0,0,0,0,0,0,0,0,0,0,0,0,138,138,29965,29966,29982,29983,29983,29984,29985,29986,29986,29980,29980,29981,29986,29982,29982,29983,29983,29984,29991,29992]} 1. e4 c5 2. Nf3 e6 3. d4 cxd4 4. Nxd4 Nc6 5. Nc3 Qc7 6. Be3 a6 7. Be2 b5 8. O-O Bb7 9. a3 Rc8 {B47: Sicilian: Taimanov: 5 Nc3 Qc7 6 f4, 6 g3 and 6 Be2.} 10. Kh1 Na5 11. f4 Nf6 {[#] The position is equal.} 12. e5 $146 ({Predecessor:} 12. Bd3 Nc4 13. Bxc4 Qxc4 14. Qd3 Nxe4 15. Nxe4 Qd5 16. Nxb5 Qxe4 17. Qxe4 Bxe4 18. Nd4 {0-1 (66) Priyanka,K (2011)-Pratyusha,B (2248) Kolkata 2015}) 12... Ne4 13. Nxe4 Bxe4 14. b3 (14. a4 {is interesting.} Nc4 15. Bc1 Qb7 16. Bf3 b4 17. b3) 14... Nc6 15. Bd3 Bxd3 16. cxd3 Be7 17. Qh5 O-O 18. Nxc6 (18. Rfc1 $11) 18... Qxc6 $17 19. Rf3 (19. Qe2 $142) 19... g6 $36 {[%mdl 2048] Black is in control.} 20. Rg3 Kh8 21. Qh6 {Threatening mate with Rh3.} Rg8 $1 ({Worse is} 21... Qc3 22. Rh3 $1 {[%mdl 512]} Bh4 23. Rxh4 Qxa1+ 24. Bg1 Qxg1+ 25. Kxg1 Rc1+ 26. Kf2 $1 {[%mdl 512]} Rc2+ 27. Kg3 $1 {[%mdl 512]} Rxg2+ 28. Kxg2 Kg8 29. Qxh7#) 22. Rf1 Qd5 23. d4 Qxb3 (23... a5 $17) 24. Rh3 $11 {[%csl Gh3][%cal Rh6h7]} Rg7 25. Bf2 $2 {[%mdl 8192]} (25. f5 $1 $11 {and White has nothing to worry.} gxf5 26. Qxg7+ Kxg7 27. Bh6+ {[%mdl 64] Discovered Attack} Kg6 28. Rxb3 Kxh6 29. g4 fxg4 30. Rg3 (30. Rxf7 Bh4 $11)) 25... Qd5 26. Rg3 Rc2 27. h4 (27. Rf3 {keeps fighting.}) 27... Qc4 $19 28. Kg1 a5 29. h5 Qe2 {And now ...Bh4 would win.} 30. hxg6 Rxg6 ({Don't play} 30... fxg6 31. d5 $19) 31. Qh3 Qd2 (31... Qc4 $19 {Strongly threatening ...Rc1.} 32. Rf3 b4 33. axb4 axb4) 32. Rf3 {[#]} (32. Rd3 $17 {might work better.} Qxf4 33. Rf3) 32... b4 (32... Rc1 $1 $19 {and Black stays clearly on top.} 33. Be3 Rxf1+ 34. Rxf1 Qa2) 33. axb4 axb4 34. f5 exf5 35. Qxf5 {[%mdl 64] Double Attack} Rc1 (35... Qg5 $15 36. Qxg5 Bxg5) 36. Qxf7 $11 Qg5 {[%csl Gg6][%cal Rg5g2]} 37. g3 {Threatens to win with Rxc1.} Rxf1+ 38. Kxf1 {aiming for Qe8+.} Rg8 39. Kg2 Rf8 40. Qd5 Rxf3 41. Qxf3 Kg7 42. Be3 Qg6 {...b3 is the strong threat.} 43. d5 Bg5 44. Bd4 {With the idea e6+.} Qc2+ (44... Kg8 $11) 45. Kh3 $16 {White wants to mate with e6+.} Kg6 $2 {[%mdl 8192]} (45... Kg8 $16 46. e6 Qg6) 46. g4 {White mates.} h5 47. gxh5+ Kh6 48. Kg4 Qd2 49. Qf8+ Kh7 50. Qf7+ {[%mdl 64] Double Attack} Kh8 51. Qe8+ Kh7 52. Qxd7+ Kg8 53. Qe8+ Kg7 {[#]} 54. Qg6+ $1 {[%mdl 64] Double Attack} Kh8 55. Qe4 {Accuracy: White = 63%, Black = 61%.} 1-0